000 00486nam a2200193Ia 4500
005 20250326143937.0
008 250326s9999 xx 000 0 und d
037 _aTextbook
040 _aFMSL
_beng
_cFMSL
041 _aeng
_2eng
084 _aX P6
_qFMSL
100 _aJansson J O
_9748780
245 0 _aEconomics of services
_cJansson J O
260 _c2006
365 _b509479.23000000004
650 _aEconomics
942 _cTB
_hX P6
999 _c1301717
_d1301717